Gaming Quiz

Random Gaming or Board Games Quiz

Ruined By A Letter: Gaming Quiz Stats

 Plays Quiz Updated Apr 3, 2019

Support Sporcle.
Go Orange.
Score 0/25 Timer 04:00
0 Plays Today
% Correct
H
95.9%
B
95.9%
P
95.8%
D
95.7%
N
95.6%
A
95.6%
Z
95.3%
K
95.3%
T
95.1%
C
94.8%
F
94.6%
O
94.3%
S
94%
% Correct
U
93.6%
L
93.6%
J
93.1%
G
92.4%
R
91.8%
E
91.7%
W
90.1%
I
89.1%
X
86.1%
M
85.4%
V
81.8%
Y
75.8%

You're not logged in!

Compare scores with friends on all Sporcle quizzes.
OR
Log In

From the Vault

Odd But True Facts XIII

by babymonkee

What's odd about a hammerhead shark?
Remove Ads.
Support Sporcle.
Get the best of Sporcle when you Go Orange. This ad-free experience offers more features, more stats, and more fun while also helping to support Sporcle. Thank you for becoming a member.

Show Comments

Extras

Top Quizzes Today


Score Distribution

Your Account Isn't Verified!

In order to create a playlist on Sporcle, you need to verify the email address you used during registration. Go to your Sporcle Settings to finish the process.

Report this User

Report this user for behavior that violates our Community Guidelines.

Details: